Strategic interviewing (Record no. 4682)
[ view plain ]
| 000 -LEADER | |
|---|---|
| fixed length control field | 01400nam a22003494a 4500 |
| 082 04 - DEWEY DECIMAL CLASSIFICATION NUMBER | |
| Classification number | 658.3/1124 |
| 100 1# - MAIN ENTRY--AUTHOR NAME | |
| Personal name | Camp, Richaurd R. |
| 245 10 - TITLE STATEMENT | |
| Title | Strategic interviewing |
| 250 ## - EDITION STATEMENT | |
| Edition statement | 1st ed. |
| 260 ## - PUBLICATION, DISTRIBUTION, ETC. (IMPRINT) | |
| Place of publication | San Francisco : |
| Name of publisher | Jossey-Bass, |
| Year of publication | c2001. |
| 300 ## - PHYSICAL DESCRIPTION | |
| Number of Pages | xvi, 181 p. |
| 490 1# - SERIES STATEMENT | |
| Series statement | University of Michigan Business School management series |
| 650 #0 - SUBJECT ADDED ENTRY--TOPICAL TERM | |
| Topical Term | Employment interviewing. |
| 700 1# - ADDED ENTRY--PERSONAL NAME | |
| Personal name | Vielhaber, Mary E., |
| Personal name | Simonetti, Jack L. |
| 856 40 - ELECTRONIC LOCATION AND ACCESS | |
| Uniform Resource Identifier | http://site.ebrary.com/lib/rucke/Doc?id=10001656 |
No items available.
